000 00359nam a2200133Ia 4500
005 20260328101448.0
008 260328s9999||||xx |||||||||||||| ||und||
100 _aTerranova, Antonino
245 0 _aNew Urban giants :
_b The ultimate Skyscrapers /
_cAntonino Terranova
260 _bWhite Star
300 _a216 p.
650 _aARQUITECTURA CIVIL
942 _cBK
999 _c8556
_d8556